000 00261nam a22001217a 4500
008 170612b xxu||||| |||| 00| 0 eng d
041 _aeng
080 _a93
100 _a19
101 _aSHP
245 _aTHE AGE OF UNCERTAINTY
_cKENNETH, J
942 _2udc
_cBK
999 _c16999
_d16999